La tierra de las papas / (Registro nro. 3086)

Detalles MARC
000 -LEADER
fixed length control field 01148nam a2200205 a 4500
008 - CAMPO DE CONTROL (LIBRO)
fixed length control field 200311s2007 es ||||cr|||| 000 1 spa d
020 ## - INTERNATIONAL STANDARD BOOK NUMBER
ISBN 9788434850538
041 ## - CODIGO DE IDIOMA
Código de idioma del texto/pista de sonido o título separado spa
092 ## - SIGNATURA TOPOGRAFICA DEWEY LOCAL
número de clasificación 808
libristica 8
sección BOR
100 1# - ENTRADA PRINCIPAL--NOMBRE PERSONAL
Nombre personal Bordons, Paloma.
9 (RLIN) 4132
245 3# - TITULO PROPIAMENTE DICHO
Título La tierra de las papas /
Mención de responsabilidad y remanente de la transcripción de la portada Paloma Bordons.
250 ## - MENCION DE EDICION
Mención de edición 20a ed.
260 ## - PIE DE IMPRENTA
Lugar de publicación, distribución, etc Madrid:
Nombre de la editorial, distribuidor, etc SM;
Fecha de publicación 2007.
300 ## - DESCRIPCION FISICA
Extension 142 p.
500 ## - NOTA GENERAL
Nota general Bordons, P. (2007). La tierra de las papas. (20a ed.). Madrid : SM.<br/>
505 ## - NOTA DE CONTENIDO
Nota de contenido formateada A Marìa se le cae el mundo encima cuando su padre le dice que se van a vivir a Bolivia. Lo primero, declararle la guerra frìa; lo segundo, consultar en la enciclopedia. Lo tercero ...hacer las maletas...<br/>Paloma Bordons (Madrid, 1964)estudio ingenieria tècnica forestal y filologia hispànica. Tras vivir en Bolivia donde escribio esta novela-, actualmente reside en Argentina. Ediciones SM ha publicado tambièn sus libros La se orita Pepota, Quiero ser famosa, Mico, Chis y Garab s, rame una vez, La recaraba, En casa de los Colodrillo y De noche.
590 ## - NOTAS LOCALES (RLIN)
Nota local Proyecto 4to libro. Donación Pardo Paula. Marzo 2020.
655 ## - MATERIA - GENERO/FORMA
Género/Forma Literatura
-- 2917
942 ## - ADDED ENTRY ELEMENTS (KOHA)
Source of classification or shelving scheme Dewey Decimal Classification
Item type LITERATURA
Existencias
Estado de retiro Existencia Fuente de clasificación Estado general No para prestamo Ubicación permanente ubicación actual Sala de ubicación Fecha de adquisición Fuente de adquisición Total Checkouts Número de clasificación Código de barras Date last seen Número de ejemplar Price effective from Koha tipo de elemento (item) Public note
    Dewey Decimal Classification     Biblioteca Medicina Biblioteca Medicina Circulación 11/03/2020 Donación Pardo, Paula. marzo 2020   808 8 BOR 4643 11/03/2020 Ej. 1 11/03/2020 LITERATURA Proyecto 4to libro. Donación Pardo, Paula. marzo 2020

UNIVERSIDAD NACIONAL DEL COMAHUE
Biblioteca de la Facultad de Ciencias Médicas
Sede Toschi: Los Arrayanes y Av. Toschi, Cipolletti  - Rio Negro
Sede Los Tordos:  Yrigoyen al 2211, Cipolletti - Rio Negro 

Teléfono: 0299 - 4774707 int 25
Contacto: biblioteca@facimed.uncoma.edu.ar
© 2011 - 2026